Reviews of environmental contamination and toxicology

It's reviews of environmental contamination and toxicology

שמור ב:
מידע ביבליוגרפי
פורמט: ספר
שפה:Undetermined
יצא לאור: New York Springer 2010
נושאים:
תגים: הוספת תג
אין תגיות, היה/י הראשונ/ה לתייג את הרשומה!
Thư viện lưu trữ: Trung tâm Học liệu Trường Đại học Cần Thơ
LEADER 00571nam a2200181Ia 4500
001 CTU_218092
008 210402s9999 xx 000 0 und d
082 |a 363.73 
082 |b R454/Vol.204 
245 0 |a Reviews of environmental contamination and toxicology 
245 0 |c David M. Whitacre (editor) 
260 |a New York 
260 |b Springer 
260 |c 2010 
520 |a It's reviews of environmental contamination and toxicology 
650 |a Pollution,Environmental pollution 
904 |i Nguyên 
980 |a Trung tâm Học liệu Trường Đại học Cần Thơ